| 000 | 00854nam a22002177a 4500 | ||
|---|---|---|---|
| 005 | 20130507172548.0 | ||
| 010 | _aB-470181-195 B-492659 | ||
| 020 |
_a9788129118806 _c140.00 |
||
| 035 | _aB-470181-195 B-492659 | ||
| 037 |
_adpl _bBlue Berry/Ven |
||
| 037 | _bAllied Pub / Ven | ||
| 082 | _aN | ||
| 100 | _aChetan, Bhagat | ||
| 245 |
_aRevolution 2020: Love. Corruption. Ambition _cby Chetan Bhagat |
||
| 260 |
_aNew Delhi _bRupa publications India _c2011 |
||
| 270 |
_a7/16, Ansari Road, Daryaganj _bNew Delhi _e110002 |
||
| 300 |
_a296p. _c20 c.m.(pbk) |
||
| 942 |
_2ddc _cEN _hN _mCHE |
||
| 999 |
_c72682 _d72682 |
||